|
|
|
|
| LEADER |
00877nam a2200205 a 4500 |
| 001 |
15563974 |
| 008 |
110919s2011 bg a s f000 0 eng d |
| 040 |
|
|
|a DLC
|c DLC
|d BD-DhAAL
|
| 010 |
|
|
|a 2008324451
|
| 082 |
0 |
0 |
|a 354.5492
|2 22
|
| 245 |
0 |
0 |
|a Medium-term budget framework, 2011-12 to 2015-16.
|
| 260 |
|
|
|a Dhaka :
|b Ministry of Finance, Finance Division, Govt. of the People's Republic of Bangladesh,
|c 2011
|
| 300 |
|
|
|a 895 p. :
|b ill. ;
|c 28 cm.
|
| 541 |
|
|
|e 00023356
|
| 650 |
|
0 |
|a Budget
|z Bangladesh
|x Departments.
|
| 651 |
|
0 |
|a Bangladesh
|x Appropriations and expenditures.
|
| 710 |
1 |
|
|a Bangladesh.
|b Artha Mantranalaya.
|
| 852 |
4 |
|
|a Ayesha Abed Library
|j General shelf
|
| 999 |
|
|
|c 11303
|d 11303
|
| 952 |
|
|
|0 0
|1 0
|4 0
|6 354_549200000000000_MED
|7 0
|9 18342
|a BRACUL
|b BRACUL
|c GEN
|d 2011-10-05
|e Development Book Agency
|g 450.00
|l 0
|o 354.5492 MED
|p 3010023356
|r 2011-10-05
|t 1
|w 2011-10-05
|y BK
|x Available
|